[Event "TechM GCL 2025"]
[Site "Mumbai IND"]
[Date "2025.12.16"]
[Round "3.1"]
[White "Sadhwani, Raunak"]
[Black "Dardha, Daniel"]
[Result "1/2-1/2"]
[WhiteTitle "GM"]
[BlackTitle "GM"]
[WhiteElo "2638"]
[BlackElo "2603"]
[WhiteTeam "Ganges Grandmasters"]
[BlackTeam "PBG Alaskan Knights"]
[WhiteFideId "35093487"]
[BlackFideId "240990"]
[EventDate "2025.12.14"]
[EventType "team"]

1. Nf3 d5 2. b3 Nf6 3. Bb2 Bf5 4. g3 c5 5. Bg2 Nc6 6. O-O h5 7. d3 Qd7 8. Nbd2
Bh3 9. e4 d4 10. Nc4 Bxg2 11. Kxg2 h4 12. Qe2 hxg3 13. fxg3 Qh3+ 14. Kg1 Ng4 15.
Bc1 f6 16. Bd2 e5 17. a4 O-O-O 18. Qg2 Qh5 19. h3 Qxh3 20. Qxh3 Rxh3 21. Kg2 Rh8
22. Rh1 Rxh1 23. Rxh1 g5 24. Rh7 Rd7 25. Rh8 Rd8 26. Rh7 Rd7 27. Rh8 Rd8 28. Rh7
Rd7 1/2-1/2

[Event "TechM GCL 2025"]
[Site "Mumbai IND"]
[Date "2025.12.16"]
[Round "3.2"]
[White "Wei, Yi"]
[Black "Artemiev, Vladislav"]
[Result "1/2-1/2"]
[WhiteTitle "GM"]
[BlackTitle "GM"]
[WhiteElo "2754"]
[BlackElo "2641"]
[WhiteTeam "Triveni Continental Kings"]
[BlackTeam "Fyers American Gambits"]
[WhiteFideId "8603405"]
[BlackFideId "24101605"]
[EventDate "2025.12.14"]
[EventType "team"]

1. e4 e5 2. Nc3 Nc6 3. Bc4 Nf6 4. d3 Na5 5. Bb3 Nxb3 6. axb3 d5 7. exd5 Bb4 8.
Bg5 Qxd5 9. Nf3 Bg4 10. O-O Bxc3 11. bxc3 Bxf3 12. Qxf3 Qxf3 13. gxf3 Nd7 14.
Be3 f6 15. f4 Kf7 16. Ra4 Rhe8 17. fxe5 Nxe5 18. Kg2 a6 19. Rfa1 g5 20. h4 h6
21. hxg5 fxg5 22. Rh1 Kg6 23. Re4 Nd7 24. Rd4 Nf6 25. Rh3 Rad8 26. Rxd8 Rxd8 27.
f4 Re8 28. fxg5 hxg5 29. Kf1 Nh5 30. Bd2 Rf8+ 31. Kg2 Re8 32. Kf1 Rf8+ 33. Kg2
Re8 34. Kf1 1/2-1/2

[Event "TechM GCL 2025"]
[Site "Mumbai IND"]
[Date "2025.12.16"]
[Round "3.2"]
[White "Vidit, Santosh Gujrathi"]
[Black "Rapport, Richard"]
[Result "0-1"]
[WhiteTitle "GM"]
[BlackTitle "GM"]
[WhiteElo "2708"]
[BlackElo "2741"]
[WhiteTeam "Triveni Continental Kings"]
[BlackTeam "Fyers American Gambits"]
[WhiteFideId "5029465"]
[BlackFideId "738590"]
[EventDate "2025.12.14"]
[EventType "team"]

1. d4 e6 2. c4 c5 3. d5 g6 4. e4 Bg7 5. Bd3 d6 6. Nf3 exd5 7. exd5 Qe7+ 8. Be2
Nh6 9. O-O O-O 10. Bg5 f6 11. Bd2 Nf7 12. Re1 Nd7 13. Bf1 Nde5 14. Bc3 Bg4 15.
Nbd2 f5 16. h3 Bh5 17. Be2 Bxf3 18. Nxf3 Rae8 19. Nh2 Qh4 20. Bf1 f4 21. b4 Ng5
22. bxc5 f3 23. cxd6 fxg2 24. Bxg2 Rxf2 25. d7 Qg3 26. dxe8=Q+ Bf8 27. Qxf8+
Kxf8 0-1

[Event "TechM GCL 2025"]
[Site "Mumbai IND"]
[Date "2025.12.16"]
[Round "3.2"]
[White "Zhu, Jiner"]
[Black "Assaubayeva, Bibisara"]
[Result "1/2-1/2"]
[WhiteTitle "GM"]
[BlackTitle "GM"]
[WhiteElo "2579"]
[BlackElo "2497"]
[WhiteTeam "Triveni Continental Kings"]
[BlackTeam "Fyers American Gambits"]
[WhiteFideId "8608059"]
[BlackFideId "13708694"]
[EventDate "2025.12.14"]
[EventType "team"]

1. d4 Nf6 2. Nf3 g6 3. Bf4 Bg7 4. e3 d6 5. h3 O-O 6. Be2 b6 7. a4 a6 8. O-O Bb7
9. Nbd2 Nbd7 10. c3 Qe8 11. Bh2 e5 12. Qb3 Rb8 13. Rfd1 Qe7 14. Qa3 Rfe8 15.
dxe5 dxe5 16. Qxe7 Rxe7 17. Nc4 Ne4 18. Nfd2 Nxd2 19. Rxd2 Nc5 20. Rdd1 Bc6 21.
a5 b5 22. Nd2 e4 23. Rac1 Rd8 24. Nb3 Rxd1+ 25. Bxd1 Nd3 26. Rb1 Bd5 27. Bc2 Rd7
28. Bxd3 exd3 29. Nc5 Ba2 30. Nxd7 Bxb1 31. Kf1 b4 32. Be5 d2 33. Ke2 Bf5 34.
Bxg7 Bxd7 35. Be5 bxc3 36. bxc3 Bb5+ 37. Kxd2 c6 38. h4 f5 39. Kc2 Kf7 40. Bb8
Ke6 41. Kd2 Bf1 42. g3 Kd5 43. f3 Bb5 44. Bc7 Bc4 45. Bb8 1/2-1/2

[Event "TechM GCL 2025"]
[Site "Mumbai IND"]
[Date "2025.12.16"]
[Round "3.2"]
[White "Kosteniuk, Alexandra"]
[Black "Injac, Teodora"]
[Result "1-0"]
[WhiteTitle "GM"]
[BlackTitle "IM"]
[WhiteElo "2483"]
[BlackElo "2421"]
[WhiteTeam "Triveni Continental Kings"]
[BlackTeam "Fyers American Gambits"]
[WhiteFideId "4128125"]
[BlackFideId "932400"]
[EventDate "2025.12.14"]
[EventType "team"]

1. e4 e5 2. Nf3 Nc6 3. d4 exd4 4. Nxd4 Nf6 5. Nxc6 bxc6 6. e5 Qe7 7. Qe2 Nd5 8.
g3 g6 9. c4 Ba6 10. b3 Bg7 11. Bb2 O-O 12. Bg2 Rfe8 13. O-O Bxe5 14. Bxe5 Qxe5
15. Qxe5 Rxe5 16. cxd5 Bxf1 17. Kxf1 cxd5 18. Nc3 c6 19. Rd1 Kf8 20. Bf3 f5 21.
Rd4 Ree8 22. h4 Ke7 23. Ke2 Kd6+ 24. Kd2 Kc5 25. Rf4 a5 26. a3 Rab8 27. Bd1 Re5
28. Ra4 Kb6 29. Bf3 Rbe8 30. Ne2 R5e7 31. Rf4 Kc5 32. Nc1 Rb8 33. Ra4 Kb6 34.
Nd3 Rbe8 35. Rf4 Rb8 36. h5 Ree8 37. Kc3 Kc7 38. hxg6 hxg6 39. g4 fxg4 40. Rxg4
Rf8 41. Bd1 Rf6 42. Ra4 Kb6 43. Rh4 Rbf8 44. Ne5 Rd6 45. Rh7 Rxf2 46. Nxd7+ Kc7
47. Nc5+ Kb6 48. Rb7+ Kxc5 49. b4+ axb4+ 50. axb4# 1-0

[Event "TechM GCL 2025"]
[Site "Mumbai IND"]
[Date "2025.12.16"]
[Round "3.2"]
[White "Maurizzi, MarcAndria"]
[Black "Murzin, Volodar"]
[Result "0-1"]
[WhiteTitle "GM"]
[BlackTitle "GM"]
[WhiteElo "2611"]
[BlackElo "2648"]
[WhiteTeam "Triveni Continental Kings"]
[BlackTeam "Fyers American Gambits"]
[WhiteFideId "36083534"]
[BlackFideId "44155573"]
[EventDate "2025.12.14"]
[EventType "team"]

1. e4 c5 2. Nf3 d6 3. d4 cxd4 4. Nxd4 Nf6 5. Nc3 a6 6. Nb3 Nc6 7. Be3 e6 8. g4
Be7 9. g5 Nd7 10. h4 b5 11. Qd2 Bb7 12. O-O-O Rc8 13. Kb1 Nce5 14. a3 Nc5 15.
Nxc5 dxc5 16. Qe1 Qa5 17. f4 Nf3 18. Qf2 b4 19. axb4 cxb4 20. Bb6 Bc5 21. Bxa5
Bxf2 22. Bxb4 Be3 23. Rh3 Nd2+ 24. Ka2 Nxf1 25. Rxf1 Bd2 26. Rf2 Rd8 27. f5 e5
28. Re2 f6 29. Rd3 Bxc3 30. Rxc3 Rd7 31. gxf6 gxf6 32. Rb3 Rg8 33. Bc5 Rg4 34.
Rb4 Rxh4 35. b3 h5 36. Kb2 Rg4 37. Rc4 h4 38. Re3 Rg3 39. Rcc3 Rg4 40. Rc4 Rh7
41. Rb4 Rg3 42. Rb6 Rxe3 43. Bxe3 h3 44. Bg1 Rf7 45. Rb4 Kd8 46. Kc3 Kc7 47.
Rc4+ Bc6 48. Kd2 Rg7 0-1

[Event "TechM GCL 2025"]
[Site "Mumbai IND"]
[Date "2025.12.14"]
[Round "3.3"]
[White "Caruana, Fabiano"]
[Black "Vachier-Lagrave, Maxime"]
[Result "0-1"]
[WhiteTitle "GM"]
[BlackTitle "GM"]
[WhiteElo "2795"]
[BlackElo "2734"]
[WhiteTeam "Alpine SG Pipers"]
[BlackTeam "Upgrad Mumba Masters"]
[WhiteFideId "2020009"]
[BlackFideId "623539"]
[EventDate "2025.12.14"]
[EventType "team"]

1. e4 c5 2. Nf3 d6 3. d4 cxd4 4. Nxd4 Nf6 5. Nc3 a6 6. g3 e5 7. Nb3 Be7 8. Bg2
b5 9. a4 b4 10. Nd5 Nxd5 11. Qxd5 Ra7 12. Be3 Be6 13. Qa5 Rb7 14. Qxd8+ Bxd8 15.
a5 Bc4 16. Bf1 Bxf1 17. Rxf1 Nc6 18. Ke2 Ke7 19. Rfd1 Bc7 20. Rd5 Rhb8 21. Nd2
Ke6 22. Nc4 Ne7 23. Rd3 d5 24. exd5+ Nxd5 25. f3 Rb5 26. b3 h5 27. Kd2 h4 28.
Re1 f6 29. f4 hxg3 30. hxg3 Rh8 31. Bb6 Bb8 32. Bd4 Ne7 33. Bb2 Nc6 34. g4 Nxa5
35. Ne3 Nc6 36. Nf5 Rb7 37. Kc1 g6 38. Ng3 Rh3 39. fxe5 Nxe5 40. Rde3 Kf7 41.
Nf5 Rxe3 42. Nxe3 Re7 43. Rf1 Ke6 44. Re1 Kf7 45. Rf1 Re6 46. g5 f5 47. Nd5 Bd6
48. Rh1 Nf3 49. Rh7+ Ke8 50. Bf6 f4 51. Rg7 Re1+ 52. Kb2 Rd1 53. Nb6 Be5+ 54.
Bxe5 Nxe5 55. Nc8 f3 0-1

[Event "TechM GCL 2025"]
[Site "Mumbai IND"]
[Date "2025.12.16"]
[Round "3.3"]
[White "Giri, Anish"]
[Black "So, Wesley"]
[Result "1/2-1/2"]
[WhiteTitle "GM"]
[BlackTitle "GM"]
[WhiteElo "2760"]
[BlackElo "2753"]
[WhiteTeam "Alpine SG Pipers"]
[BlackTeam "Upgrad Mumba Masters"]
[WhiteFideId "24116068"]
[BlackFideId "5202213"]
[EventDate "2025.12.14"]
[EventType "team"]

1. e4 e5 2. Nf3 Nc6 3. d4 exd4 4. Nxd4 Nf6 5. Nxc6 bxc6 6. e5 Qe7 7. Qe2 Nd5 8.
h4 Qe6 9. Nd2 d6 10. exd6 Bxd6 11. Nc4 Bc5 12. a3 O-O 13. Qxe6 Bxe6 14. Bd3 Rfe8
15. O-O a5 16. Bd2 a4 17. Rfe1 Nb6 18. Nxb6 cxb6 19. Be3 Bxe3 20. Rxe3 Kf8 21.
Rae1 h6 22. Kh2 Bd7 23. Rxe8+ Rxe8 24. Rxe8+ Kxe8 25. Kg3 Ke7 26. Kf4 Kf6 27.
Ke3 c5 28. c3 g5 29. hxg5+ hxg5 30. f4 gxf4+ 31. Kxf4 Ke7 32. g3 f6 33. Be4 1/2-1/2

[Event "TechM GCL 2025"]
[Site "Mumbai IND"]
[Date "2025.12.16"]
[Round "3.3"]
[White "Praggnanandhaa, R"]
[Black "Mamedyarov, Shakhriyar"]
[Result "1/2-1/2"]
[WhiteTitle "GM"]
[BlackTitle "GM"]
[WhiteElo "2761"]
[BlackElo "2730"]
[WhiteTeam "Alpine SG Pipers"]
[BlackTeam "Upgrad Mumba Masters"]
[WhiteFideId "25059530"]
[BlackFideId "13401319"]
[EventDate "2025.12.14"]
[EventType "team"]

1. d4 d5 2. Nf3 Nf6 3. Bf4 c5 4. e3 Qb6 5. c4 cxd4 6. Qxd4 Qxd4 7. Nxd4 a6 8.
Nc3 dxc4 9. Bxc4 Nbd7 10. Bg3 e6 11. O-O Bb4 12. Rac1 O-O 13. Be2 Nb6 14. Bf3
Re8 15. Ne4 Nxe4 16. Bxe4 e5 17. Nb3 f5 18. Bf3 e4 19. Be2 Be6 20. Nd4 g6 21.
Nxe6 Rxe6 22. Rc7 Bd6 23. Rxb7 Bxg3 24. hxg3 Rd6 25. Rc1 Nd7 26. g4 fxg4 27.
Bxg4 Nf6 28. Bc8 a5 29. g4 Kh8 30. Kg2 a4 31. g5 Nd5 32. Rc5 Nb6 33. Bg4 Nd5 34.
Be2 Rf8 35. Kg3 Rdd8 36. Bg4 Rfe8 37. Ra5 Re5 38. Raa7 Rxg5 39. Kh4 Re5 40.
Rxh7+ Kg8 41. Rhg7+ Kh8 42. Rh7+ Kg8 43. Rhg7+ Kh8 44. Rxg6 Ne7 45. Re6 Nf5+ 46.
Bxf5 Rxf5 47. Rh6+ Kg8 48. Rg6+ Kh8 49. Rh6+ Kg8 50. Rg6+ Kh8 51. Rg2 Rdd5 52.
Rh2 Kg8 53. Rxa4 Rh5+ 54. Kg3 Rdg5+ 55. Kf4 Rf5+ 56. Kxe4 Re5+ 57. Kd4 Rd5+ 58.
Kc4 Rc5+ 59. Kd4 Rcd5+ 60. Ke4 Rde5+ 61. Kf4 Ref5+ 62. Ke4 Re5+ 63. Kf4 Ref5+
64. Ke4 1/2-1/2

[Event "TechM GCL 2025"]
[Site "Mumbai IND"]
[Date "2025.12.16"]
[Round "3.3"]
[White "Hou, Yifan"]
[Black "Koneru, Humpy"]
[Result "1-0"]
[WhiteTitle "GM"]
[BlackTitle "GM"]
[WhiteElo "2613"]
[BlackElo "2535"]
[WhiteTeam "Alpine SG Pipers"]
[BlackTeam "Upgrad Mumba Masters"]
[WhiteFideId "8602980"]
[BlackFideId "5008123"]
[EventDate "2025.12.14"]
[EventType "team"]

1. e4 e5 2. Nf3 Nc6 3. Bc4 Bc5 4. c3 Nf6 5. d3 h6 6. O-O d6 7. Re1 a5 8. Bb3 O-O
9. h3 Re8 10. d4 Ba7 11. Bc2 exd4 12. cxd4 d5 13. e5 Ne4 14. Nc3 Bf5 15. Be3 Nb4
16. Bb1 c6 17. Nd2 Qh4 18. a3 Na6 19. Ncxe4 dxe4 20. Nxe4 Bxe4 21. g3 Qxh3 22.
Bxe4 Rad8 23. Qf3 Qd7 24. Bf5 Qe7 25. Qg4 Kf8 26. Qh5 Kg8 27. Bxh6 gxh6 28. Qxh6
f6 29. exf6 Qf7 30. Re7 Rxe7 31. fxe7 1-0

[Event "TechM GCL 2025"]
[Site "Mumbai IND"]
[Date "2025.12.16"]
[Round "3.3"]
[White "Batsiashvili, Nino"]
[Black "Dronavalli, Harika"]
[Result "1/2-1/2"]
[WhiteTitle "GM"]
[BlackTitle "GM"]
[WhiteElo "2462"]
[BlackElo "2466"]
[WhiteTeam "Alpine SG Pipers"]
[BlackTeam "Upgrad Mumba Masters"]
[WhiteFideId "13602993"]
[BlackFideId "5015197"]
[EventDate "2025.12.14"]
[EventType "team"]

1. d4 d5 2. c4 e6 3. Nc3 Be7 4. Bf4 Nf6 5. e3 O-O 6. a3 c5 7. dxc5 dxc4 8. Bxc4
Bxc5 9. Nf3 Qxd1+ 10. Rxd1 a6 11. Bd3 Nbd7 12. Ne5 Be7 13. Ke2 Nxe5 14. Bxe5 b5
15. Ne4 Bb7 16. Nxf6+ Bxf6 17. Bxf6 gxf6 18. f3 Bd5 19. Rc1 Rfc8 20. Kd2 Rd8 21.
Ke2 Rdc8 22. Rxc8+ Rxc8 23. Kd2 f5 24. Rc1 Rd8 25. Ke2 Kg7 26. e4 fxe4 27. fxe4
Ba2 28. Rc6 Rd4 29. Rxa6 Bc4 30. Bxc4 Rxe4+ 31. Kd3 Rxc4 32. b4 Rh4 33. h3 Rh5
34. Ra5 Rd5+ 35. Kc3 Kf6 36. a4 bxa4 37. Rxa4 Ke7 38. Ra7+ Rd7 39. Ra2 Kd6 40.
Kc4 Kc6 41. Rf2 f5 42. Re2 Rd6 43. g3 Kb6 44. b5 h5 45. h4 Kb7 46. Re3 Kb6 47.
Re5 Kb7 48. Kc5 Rd3 49. Rxe6 Rc3+ 50. Kd5 Rxg3 51. Rh6 f4 52. Ke4 f3 53. Ke3 Rh3
54. Rxh5 Kb6 55. Kf2 Ka5 56. Rh8 Kxb5 57. h5 Kb6 58. h6 Kb7 59. Rh7+ Kb6 60. Rh8
Kb7 61. Rh7+ Kb6 62. Rh8 Kb7 1/2-1/2

[Event "TechM GCL 2025"]
[Site "Mumbai IND"]
[Date "2025.12.16"]
[Round "3.3"]
[White "Mendonca, Leon Luke"]
[Black "Daneshvar, Bardiya"]
[Result "1-0"]
[WhiteTitle "GM"]
[BlackTitle "GM"]
[WhiteElo "2615"]
[BlackElo "2600"]
[WhiteTeam "Alpine SG Pipers"]
[BlackTeam "Upgrad Mumba Masters"]
[WhiteFideId "35028561"]
[BlackFideId "12576468"]
[EventDate "2025.12.14"]
[EventType "team"]

1. d4 d5 2. Nf3 Nf6 3. a3 c5 4. dxc5 e6 5. e3 Bxc5 6. c4 O-O 7. b4 Be7 8. Bb2 a5
9. b5 b6 10. Nbd2 Bb7 11. Be2 Nbd7 12. O-O Rc8 13. Rc1 Nc5 14. Nd4 Nfe4 15. cxd5
Nxd2 16. Qxd2 Bxd5 17. Rfd1 Bf6 18. h3 Qe7 19. Nf5 exf5 20. Bxf6 Qxf6 21. Qxd5
Rfd8 22. Qa2 g6 23. Bf3 Kg7 24. g3 Rxd1+ 25. Rxd1 Rd8 26. Rxd8 Qxd8 27. Kg2 Qf6
28. Bd5 h6 29. h4 Nd3 30. Qc4 Ne5 31. Qd4 Nd7 32. Bc6 Nc5 33. Kf3 g5 34. Ke2 Kg6
35. Bd5 Qe7 36. Qh8 gxh4 37. gxh4 Ne6 38. Qg8+ Kf6 39. Qh8+ Kg6 40. Kf1 Qd6 41.
Bf3 Qxa3 42. h5+ Kg5 43. Be2 Qe7 44. f4+ Kh4 45. Kf2 Nc5 46. Qa1 Ne4+ 47. Kg2
Ng3 48. Bf3 Qb4 49. Qf6# 1-0

[Event "TechM GCL 2025"]
[Site "Mumbai IND"]
[Date "2025.12.17"]
[Round "4.1"]
[White "Giri, Anish"]
[Black "Artemiev, Vladislav"]
[Result "1/2-1/2"]
[WhiteTitle "GM"]
[BlackTitle "GM"]
[WhiteElo "2760"]
[BlackElo "2641"]
[WhiteTeam "Alpine SG Pipers"]
[BlackTeam "Fyers American Gambits"]
[WhiteFideId "24116068"]
[BlackFideId "24101605"]
[EventDate "2025.12.14"]
[EventType "team"]

1. e4 e5 2. Nf3 Nc6 3. Bc4 Nf6 4. d3 h6 5. O-O Bc5 6. c3 d6 7. Re1 a6 8. Nbd2
O-O 9. Nf1 Re8 10. Ng3 Ba7 11. Bd2 Na5 12. Bd5 Nc6 13. Bb3 Ne7 14. Nh4 Bg4 15.
Qc1 Be6 16. d4 Bxb3 17. axb3 Kh7 18. Nhf5 Nxf5 19. Nxf5 exd4 20. Bxh6 g6 21.
Nxd4 Rxe4 22. Rxe4 Nxe4 23. Be3 Qd7 24. Nf3 Bxe3 25. Qxe3 Re8 26. Re1 Nf6 27.
Qd2 a5 28. h3 Rxe1+ 29. Qxe1 b6 30. c4 Kg8 31. Nd4 Kg7 32. Qe3 d5 33. Qe5 dxc4
34. bxc4 1/2-1/2

[Event "TechM GCL 2025"]
[Site "Mumbai IND"]
[Date "2025.12.17"]
[Round "4.1"]
[White "Praggnanandhaa, R"]
[Black "Rapport, Richard"]
[Result "1/2-1/2"]
[WhiteTitle "GM"]
[BlackTitle "GM"]
[WhiteElo "2761"]
[BlackElo "2741"]
[WhiteTeam "Alpine SG Pipers"]
[BlackTeam "Fyers American Gambits"]
[WhiteFideId "25059530"]
[BlackFideId "738590"]
[EventDate "2025.12.14"]
[EventType "team"]

1. d4 Nf6 2. Nf3 g6 3. Nbd2 d5 4. b3 Bf5 5. Bb2 e6 6. e3 Nbd7 7. Ne5 h5 8. Bd3
c6 9. Qe2 a5 10. O-O a4 11. e4 dxe4 12. Nxe4 Bxe4 13. Bxe4 Nxe5 14. dxe5 Nxe4
15. Qxe4 Qd5 16. Qe2 Qb5 17. c4 Qb6 18. Bc3 Bb4 19. Bxb4 Qxb4 20. Rad1 axb3 21.
axb3 Qxb3 22. Rb1 Ra2 23. Rxb3 Rxe2 24. Rxb7 O-O 25. Rc7 Rxe5 26. Rxc6 Rd8 27.
h4 Rd2 28. g3 Rc2 29. Rc7 Kg7 30. Kg2 Ree2 31. c5 e5 32. c6 e4 33. Rc8 Kf6 34.
c7 Ke7 35. Kg1 e3 36. Ra8 exf2+ 37. Kg2 Rxc7 38. Rxf2 Re3 39. Kh2 f5 40. Rfa2
Kf6 41. R8a6+ Kf7 42. Ra7 Re2+ 43. Rxe2 Rxa7 44. Rb2 1/2-1/2

[Event "TechM GCL 2025"]
[Site "Mumbai IND"]
[Date "2025.12.17"]
[Round "4.1"]
[White "Hou, Yifan"]
[Black "Assaubayeva, Bibisara"]
[Result "1/2-1/2"]
[WhiteTitle "GM"]
[BlackTitle "GM"]
[WhiteElo "2613"]
[BlackElo "2497"]
[WhiteTeam "Alpine SG Pipers"]
[BlackTeam "Fyers American Gambits"]
[WhiteFideId "8602980"]
[BlackFideId "13708694"]
[EventDate "2025.12.14"]
[EventType "team"]

1. e4 c5 2. Nf3 d6 3. c3 Nf6 4. h3 Bd7 5. Bd3 g6 6. O-O Bg7 7. Bc2 O-O 8. d4
cxd4 9. cxd4 d5 10. e5 Ne4 11. Nbd2 Bf5 12. Re1 Nxd2 13. Bxd2 Bxc2 14. Qxc2 Nc6
15. h4 Qc8 16. Qb3 Rd8 17. Rad1 b6 18. Rc1 Qd7 19. h5 Rac8 20. e6 Qe8 21. hxg6
fxg6 22. Ng5 Nxd4 23. Qh3 h5 24. Qd3 Rxc1 25. Rxc1 Nf5 26. Nf7 Rc8 27. Rxc8 Qxc8
28. Qxd5 Nd4 29. Qd7 Qf8 30. Ng5 Ne2+ 31. Kf1 Ng3+ 32. Ke1 Nf5 33. Qxa7 Bd4 34.
Nf7 Qc8 35. Qd7 Qc2 36. Qe8+ Kh7 37. Ng5+ Kh6 38. Nf7+ Kh7 39. Ng5+ Kh6 40. Nf3+
Kh7 41. Nxd4 Qb1+ 42. Ke2 Nxd4+ 43. Ke3 Nf5+ 44. Kf4 Ng7 45. Qxe7 Qf5+ 46. Ke3
Qe5+ 47. Kd3 Qd5+ 48. Kc2 Qc4+ 49. Bc3 Qe2+ 50. Kb3 Qb5+ 51. Kc2 Qe2+ 52. Kc1
Qf1+ 53. Kc2 Qe2+ 1/2-1/2

[Event "TechM GCL 2025"]
[Site "Mumbai IND"]
[Date "2025.12.17"]
[Round "4.1"]
[White "Batsiashvili, Nino"]
[Black "Injac, Teodora"]
[Result "1-0"]
[WhiteTitle "GM"]
[BlackTitle "IM"]
[WhiteElo "2462"]
[BlackElo "2421"]
[WhiteTeam "Alpine SG Pipers"]
[BlackTeam "Fyers American Gambits"]
[WhiteFideId "13602993"]
[BlackFideId "932400"]
[EventDate "2025.12.14"]
[EventType "team"]

1. d4 Nf6 2. c4 g6 3. Nc3 Bg7 4. e4 d6 5. Be2 O-O 6. Be3 a5 7. h3 e5 8. d5 Na6
9. g4 Nc5 10. Qc2 c6 11. Nf3 a4 12. dxc6 bxc6 13. Nxe5 Qe8 14. Nd3 Nfxe4 15.
Nxc5 Nxc5 16. O-O-O a3 17. b3 Na6 18. Kb1 Nb4 19. Qd2 c5 20. Bf3 Ra7 21. Bf4 Bb7
22. Bxb7 Rxb7 23. Rhe1 Qc6 24. Nd5 Nxd5 25. Qxd5 Qa6 26. Bxd6 Rd8 27. Qxc5 Rbd7
28. Kc2 Rxd6 29. Rxd6 Qxd6 30. Qxd6 Rxd6 31. b4 Kf8 32. Re3 Bb2 33. c5 Re6 34.
Rd3 Ke7 35. Kb3 Re4 36. f3 Re5 37. Kc4 Re1 38. b5 Rc1+ 39. Kb4 Rb1 40. b6 Bd4+
41. Kc4 Bf2 42. Kd5 Kd7 43. c6+ Kc8 44. b7+ Kc7 45. Rxa3 Rd1+ 46. Ke5 Bg3+ 47.
Kf6 Kxc6 48. Rb3 Rd8 49. Kxf7 Rb8 50. Kg7 g5 51. Kxh7 Rxb7+ 52. Rxb7 Kxb7 53.
Kg6 Bf4 54. Kh5 Kc6 55. h4 gxh4 56. Kxh4 Kd6 57. Kh5 Ke6 58. a4 Bd2 59. Kg6 Ke7
60. Kf5 Kf7 61. g5 Bc3 62. f4 Bd2 63. Kg4 Kg7 64. f5 Kf7 65. Kh5 Kg7 66. Kg4 Kf7
67. g6+ Kf6 68. Kf3 Bc3 69. Ke4 Bb4 70. Kd5 Bc3 71. Kc4 Bd2 72. Kb5 Bc3 73. a5
Kxf5 1-0

[Event "TechM GCL 2025"]
[Site "Mumbai IND"]
[Date "2025.12.17"]
[Round "4.1"]
[White "Mendonca, Leon Luke"]
[Black "Murzin, Volodar"]
[Result "1-0"]
[WhiteTitle "GM"]
[BlackTitle "GM"]
[WhiteElo "2615"]
[BlackElo "2648"]
[WhiteTeam "Alpine SG Pipers"]
[BlackTeam "Fyers American Gambits"]
[WhiteFideId "35028561"]
[BlackFideId "44155573"]
[EventDate "2025.12.14"]
[EventType "team"]

1. Nf3 d5 2. e3 Nf6 3. c4 e6 4. Nc3 c6 5. b3 Nbd7 6. Bb2 Bd6 7. d4 O-O 8. Be2 b6
9. O-O Bb7 10. Bd3 Re8 11. Rc1 Rc8 12. Re1 dxc4 13. bxc4 c5 14. d5 exd5 15. Nxd5
Nxd5 16. cxd5 Nf6 17. e4 c4 18. Bxf6 Qxf6 19. Rxc4 Re7 20. h3 Rce8 21. Ra4 a5
22. Bb5 Rd8 23. Rd4 g6 24. a4 h5 25. e5 Bxe5 26. Rxe5 Rxe5 27. Nxe5 Qxe5 28. d6
Qg5 29. f3 Qc5 30. Kh2 Bc6 31. Bxc6 Qxc6 32. Qd3 Qe8 33. d7 Qe5+ 34. f4 Qf6 35.
Qe4 Kg7 36. Rd5 Qe6 37. Qd4+ Qf6 38. Qd2 Qe6 39. f5 Qe4 40. fxg6 fxg6 41. Qg5
Qb4 42. Qe5+ Kh7 43. Rd6 Qc5 44. Qf6 Qf5 45. Qe7+ Kh6 46. Rd4 Qc5 1-0

[Event "TechM GCL 2025"]
[Site "Mumbai IND"]
[Date "2025.12.14"]
[Round "4.2"]
[White "Gukesh, D"]
[Black "Vachier-Lagrave, Maxime"]
[Result "1/2-1/2"]
[WhiteTitle "GM"]
[BlackTitle "GM"]
[WhiteElo "2754"]
[BlackElo "2734"]
[WhiteTeam "PBG Alaskan Knights"]
[BlackTeam "Upgrad Mumba Masters"]
[WhiteFideId "46616543"]
[BlackFideId "623539"]
[EventDate "2025.12.14"]
[EventType "team"]

1. c4 e6 2. Nc3 d5 3. d4 Nf6 4. cxd5 exd5 5. Bg5 Be7 6. e3 h6 7. Bf4 c5 8. Nf3
Nc6 9. Bb5 O-O 10. O-O Be6 11. dxc5 Bxc5 12. Rc1 Rc8 13. Qa4 Qb6 14. Rfd1 Rfd8
15. Ne2 Ne4 16. h3 g5 17. Bg3 Be7 18. Ned4 Nxd4 19. Nxd4 Nxg3 20. fxg3 Bf6 21.
Rxc8 Rxc8 22. Bd3 Bxd4 23. Qxd4 Qxd4 24. exd4 Kf8 25. g4 Ke7 26. Kf2 Kd6 27. Ke3
a5 28. Rf1 Ke7 29. Kd2 b6 30. Rf3 Rc7 31. Ba6 Ra7 32. Be2 Rc7 33. Bb5 Rc8 34. a4
Kd6 35. Rf6 Rh8 36. Rf3 Rc8 37. Rf6 Rh8 38. Rf3 Rc8 39. Rf6 1/2-1/2

[Event "TechM GCL 2025"]
[Site "Mumbai IND"]
[Date "2025.12.17"]
[Round "4.2"]
[White "Erigaisi, Arjun"]
[Black "So, Wesley"]
[Result "0-1"]
[WhiteTitle "GM"]
[BlackTitle "GM"]
[WhiteElo "2775"]
[BlackElo "2753"]
[WhiteTeam "PBG Alaskan Knights"]
[BlackTeam "Upgrad Mumba Masters"]
[WhiteFideId "35009192"]
[BlackFideId "5202213"]
[EventDate "2025.12.14"]
[EventType "team"]

1. d4 d5 2. c4 e6 3. Nf3 Nf6 4. cxd5 exd5 5. Nc3 c6 6. Bf4 Bf5 7. e3 Nbd7 8. Nh4
Be6 9. Bd3 g6 10. Nf3 Nh5 11. Bg5 Be7 12. Bxe7 Qxe7 13. h3 Ng7 14. O-O Bf5 15.
Re1 O-O 16. e4 dxe4 17. Nxe4 Nf6 18. Nc5 Qc7 19. Bc4 Rad8 20. Rc1 Rd6 21. a4 a5
22. Qb3 b6 23. Nd3 Bxd3 24. Qxd3 Nf5 25. Qc3 Nd5 26. Qd2 Kg7 27. Re5 Nb4 28.
Rce1 Qd7 29. Qc3 Nd5 30. Bxd5 Rxd5 31. g4 Nh6 32. Re7 Qd6 33. R1e6 Qxe6 34. Rxe6
fxe6 35. Kg2 Rc8 36. Qe3 Re8 37. Qf4 Re7 38. Ne5 c5 39. dxc5 bxc5 40. Nc6 Red7
41. Nxa5 Nf7 42. Qe3 Ne5 43. Nb3 Nd3 44. Nd2 Re5 45. Ne4 g5 46. Kh2 c4 47. f3
Rb7 48. Qd4 Rxb2+ 49. Kg3 Kg6 50. Qd8 Rxe4 51. fxe4 Rb3 52. h4 Nf4+ 53. Kf2 gxh4
54. g5 Kh5 55. Qf6 Kg4 56. Ke1 h3 0-1

[Event "TechM GCL 2025"]
[Site "Mumbai IND"]
[Date "2025.12.17"]
[Round "4.2"]
[White "Dominguez Perez, Leinier"]
[Black "Mamedyarov, Shakhriyar"]
[Result "1/2-1/2"]
[WhiteTitle "GM"]
[BlackTitle "GM"]
[WhiteElo "2738"]
[BlackElo "2730"]
[WhiteTeam "PBG Alaskan Knights"]
[BlackTeam "Upgrad Mumba Masters"]
[WhiteFideId "3503240"]
[BlackFideId "13401319"]
[EventDate "2025.12.14"]
[EventType "team"]

1. e4 e5 2. Nf3 Nf6 3. Nxe5 d6 4. Nf3 Nxe4 5. d4 d5 6. Bd3 Nc6 7. O-O Bg4 8. c4
Nf6 9. Nc3 dxc4 10. Bxc4 Be7 11. d5 Ne5 12. Bb5+ Ned7 13. h3 Bxf3 14. Qxf3 O-O
15. d6 Bxd6 16. Qxb7 a6 17. Bxd7 Nxd7 18. Be3 Rb8 19. Qxa6 Rxb2 20. Rab1 Qf6 21.
Qd3 Rfb8 22. Rxb2 Rxb2 23. Ne4 Qg6 24. Rd1 Ne5 25. Qd5 h6 26. a4 Nf3+ 27. Kh1
Nh4 28. Nxd6 cxd6 29. Rd4 Nf5 30. Rg4 Qf6 31. Rf4 Nxe3 32. Qa8+ Kh7 33. Rxf6
Rb1+ 34. Kh2 Nf1+ 1/2-1/2